00689nam a2200241 a 4500001001300000003000900013005001700022008004100039020001000080082001600090100002000106245003000126260003900156300000900195500003500204505002300239650001900262700002000281902000800301942000700309952011600316999001500432nice12345678IN_TiNIC20260116011453.0050524s1841 lona grp 000 0 eng  ac10000a492.75bSTE aStewart, Duncan aPracticlal Arabic Grammar aLondonbCambridge Universityc1841 a302p aincludes index and biblioraphy2 aProverbs, Extracts aArabic-Grammar1 aStewart, Duncan bSRS cBK 001040708StackRoom-aHMIbHMId2007-06-07g100.00l0o492.75 STEp00327r2007-06-07v100.00w2005-05-24yBK c1828d1828